000 00734nam a2200229Ia 4500
005 20260430150145.0
008 008 250103s9999 xx 000 0 eng d
037 _aTheses
040 _aCRL
040 _beng
040 _ceng
041 _2eng
041 _aeng
084 _qCRL
100 _aSumit Au.; Binay Kumar Gu.; Singh B.K. Gu.
_91236624
245 0 _aSingle crystal Growth of Low Melting Point Organic Materials by modified Czochralski and Solution Techniques and their Structural, Electrical and Optical Characterizaition.
260 _c2021
300 _a147p.
700 _aUniversity of Delhi. Faculty of Science. Deptt. of Physics & Astrophysics
_91236625
942 _cTH
999 _c1849090
_d1849090